000 00786nam a2200229Ii 4500
003 JO-AjNU
008 230605s9999||||xx |||||||||||||| ||und||
017 _a2009/7/1279
020 _a978-9957-268-7
040 _aJO-AjNU
_bara
_erda
_cJO-AjNU
041 _aara
050 1 4 _aE895 2010
100 3 _aالمومني، محمد أحمد عقلة,
_eauthor
_947258
245 0 0 _aالسيطرة على العالم
250 _aط1
264 3 1 _aاربد: عالم الكتب الحديث، 2010
300 _a315ص
_bخرائط توضيحية
336 _atext
_btxt
_2rdacontent
337 _aunmediated
_bn
_2rdamedia
338 _avolume
_bnc
_2rdacarrier
650 4 _aالولايات المتحدة الامريكية - العالم - العلاقات الدولية
_947259
999 _aA20617
_c24185
_d24185